Buzby / (Record no. 4320)

MARC details
000 -LEADER
fixed length control field 01200cam a2200385 a 4500
001 - CONTROL NUMBER
control field 4320
003 - CONTROL NUMBER IDENTIFIER
control field FISKH
005 - DATE AND TIME OF LATEST TRANSACTION
control field 20240718085559.0
008 - FIXED-LENGTH DATA ELEMENTS--GENERAL INFORMATION
fixed length control field 891019s1990 nyua j 000 1 eng
010 ## - LIBRARY OF CONGRESS CONTROL NUMBER
LC control number 89029408
020 ## - INTERNATIONAL STANDARD BOOK NUMBER
International Standard Book Number 0060223995 :
020 ## - INTERNATIONAL STANDARD BOOK NUMBER
International Standard Book Number 9780064441520
020 ## - INTERNATIONAL STANDARD BOOK NUMBER
International Standard Book Number 0060223987 (lib. bdg.) :
040 ## - CATALOGING SOURCE
Original cataloging agency DLC
Transcribing agency DLC
Modifying agency DLC
Language of cataloging eng
042 ## - AUTHENTICATION CODE
Authentication code lcac
050 ## - LIBRARY OF CONGRESS CALL NUMBER
Classification number PZ7.H63487
082 ## - DEWEY DECIMAL CLASSIFICATION NUMBER
Classification number 548
100 1# - MAIN ENTRY--PERSONAL NAME
Personal name Hoban, Julia.
245 10 - TITLE STATEMENT
Title Buzby /
Statement of responsibility, etc. by Julia Hoban ; pictures by John Himmelman.
250 ## - EDITION STATEMENT
Edition statement First Harper Trophy edition, 1992
260 ## - PUBLICATION, DISTRIBUTION, ETC.
Place of publication, distribution, etc. New York ;
Name of publisher, distributor, etc. Harper Trophy,
Date of publication, distribution, etc. 1990.
300 ## - PHYSICAL DESCRIPTION
Extent 64 pages :
Other physical details color illustrations ;
Dimensions 22 cm
440 #3 - SERIES STATEMENT/ADDED ENTRY--TITLE
Title An I can read book
505 ## - FORMATTED CONTENTS NOTE
Formatted contents note I<br/>
520 ## - SUMMARY, ETC.
Summary, etc. Buzby the cat takes a job at a hotel as a busboy and creates all kinds of havoc before he ends up in a special job created just for him.
521 8# - TARGET AUDIENCE NOTE
Target audience note 460<br/>
Source Lexile<br/>
521 8# - TARGET AUDIENCE NOTE
Target audience note I<br/>
Source Raz-Plus<br/>
650 #1 - SUBJECT ADDED ENTRY--TOPICAL TERM
Topical term or geographic name entry element Cats
General subdivision Fiction.
650 #1 - SUBJECT ADDED ENTRY--TOPICAL TERM
Topical term or geographic name entry element Work
General subdivision Fiction.
650 #1 - SUBJECT ADDED ENTRY--TOPICAL TERM
Topical term or geographic name entry element Hotels, motels, etc.
General subdivision Fiction.
700 1# - ADDED ENTRY--PERSONAL NAME
Personal name Himmelman, John,
Relator term illustrator
906 ## - LOCAL DATA ELEMENT F, LDF (RLIN)
a 7
b cbc
c orignew
d 1
e ocip
f 19
g y-gencatlg
942 ## - ADDED ENTRY ELEMENTS (KOHA)
Source of classification or shelving scheme Dewey Decimal Classification
Koha item type Books
Suppress in OPAC No
Holdings
Withdrawn status Lost status Source of classification or shelving scheme Damaged status Not for loan Collection Home library Current library Shelving location Date acquired Total Checkouts Full call number Barcode Date last seen Date last checked out Price effective from Koha item type
    Dewey Decimal Classification     Juvenile Fiction Footprints International School Library Network Toul Kork Campus Footprints International School Library Network Toul Kork Campus TK Primary Library Room(4th Floor), Bookcase 1&2, Shelves 1-16, Dark Blue Books 07/18/2024 1 HOB 548 PZ7.H63487 FISTK01134 03/12/2025 03/05/2025 07/18/2024 Books